| 000 | 00590nam a2200145Ia 4500 | ||
|---|---|---|---|
| 008 | 250506s9999 xx 000 0 und d | ||
| 024 | _a17B-106-SE, 16B-075-SE, 17B-087-SE, 17B-089-SE & 17B-092-SE | ||
| 082 | _a005.201072 HIB | ||
| 100 | _aHiba Mahboob, Humna Ahmed, Fariha Kashif, Ahsan Rasheed & Ali Ibrar | ||
| 245 | 0 | _aCustomizable University Chatbot | |
| 260 |
_aKarachi: _bUIT, _c2017 |
||
| 600 | _aSoftware Engineering | ||
| 650 | _aBachelor of Computer Science (BS) | ||
| 856 |
_uhttps://drive.google.com/file/d/1aZxoW8djegOiSEhGn9XvB8TPTFm9xmWS/view?usp=sharing _yClick here for PDF |
||
| 999 |
_c28940 _d28940 |
||